Name the Missing Band Member - Statistics

General Stats
  • This quiz has been taken 76 times
    61 since last reset
  • The average score is 10 of 15
Answer Stats
Hint Answer % Correct
John Lennon, Paul McCartney, Ringo Starr George Harrison
96%
Keith Richards, Charlie Watts, Bill Wyman, Brian Jones Mick Jagger
88%
Brian May, Roger Taylor,John Deacon Freddie Mercury
85%
Slash, Duff McKagan, Izzy Stradlin Axl Rose
79%
Dave Grohl, Krist Novoselic Kurt Cobain
77%
The Edge, Adam Clayton, Larry Mullen Jr Bono
73%
Pete Townshend, John Entwisle, Keith Moon Roger Daltrey
71%
Stewart Copeland, Andy Summers Sting
69%
Stephen Stills, Graham Nash, Neil Young David Crosby
63%
Anthony Kiedis, Dave Novarro, Hillel Slovak, Flea
63%
Joe Perry, Tom Hamilton, Joey Kramer Steven Tyler
60%
Jack Bruce, Ginger Baker Eric Clapton
58%
Roger Waters, Richard Wright, Nick Mason David Gilmour
54%
Ray Manzarek, Robby Krieger, John Densmore Jim Morrison
50%
Glenn Frey, Joe Walsh, Randy Meisner, Timothy B Schmidt Don Henley
46%
No matching quizzes found
Score Distribution
Percent of People with Each Score
Percentile by Number Answered
Your Score History
You have not taken this quiz since the last reset